University library finance : A case study of Punjab (Record no. 22511)

MARC details
000 -LEADER
fixed length control field 00435nam a2200145Ia 4500
082 ## - DEWEY DECIMAL CLASSIFICATION NUMBER
Classification number TS.0856
100 ## - MAIN ENTRY--AUTHOR NAME
Personal name Saroj Bala
245 #0 - TITLE STATEMENT
Title University library finance : A case study of Punjab
260 ## - PUBLICATION, DISTRIBUTION, ETC. (IMPRINT)
Year of publication 1995
Name of publisher Punjabi University
300 ## - PHYSICAL DESCRIPTION
Number of Pages vii+174p.
650 ## - SUBJECT ADDED ENTRY--TOPICAL TERM
Topical Term LIBRARIES, UNIVERSITY AND COLLEGE - FINANCE - PUNJAB
650 ## - SUBJECT ADDED ENTRY--TOPICAL TERM
Topical Term UNIVERSITY LIBRARIES//LIBRARIES, UNIVERSITY AND COLLEGE
710 ## - ADDED ENTRY--CORPORATE NAME
Corporate name or jurisdiction name as entry element Baldev Singh
942 ## - ADDED ENTRY ELEMENTS (KOHA)
Koha item type Thesis
Source of classification or shelving scheme Dewey Decimal Classification
Holdings
Withdrawn status Lost status Damaged status Not for loan Home library Current library Date acquired Bill Date Full call number Accession Number Price effective from Koha item type
        NASSDOC Library NASSDOC Library 08/10/2004 2008-12-30 TS.0856 35830 18/04/2019 Thesis